5HLuxD.jpg

KING HENRY VIII SENIOR AND PRIMARY SCHOOL LIBRARY OPAC

Wings of Fire : (Record no. 6027)

000 -LEADER
fixed length control field 01581nam a22002777a 4500
003 - CONTROL NUMBER IDENTIFIER
control field OSt
005 - DATE AND TIME OF LATEST TRANSACTION
control field 20260127112449.0
008 - FIXED-LENGTH DATA ELEMENTS--GENERAL INFORMATION
fixed length control field 260127b ||||| |||| 00| 0 eng d
020 ## - INTERNATIONAL STANDARD BOOK NUMBER
International Standard Book Number 9781338730920
040 ## - CATALOGING SOURCE
Transcribing agency KH8
082 ## - DEWEY DECIMAL CLASSIFICATION NUMBER
Classification number FIC SUT
100 ## - MAIN ENTRY--PERSONAL NAME
Personal name Sutherland, Tui T. ,
Relator term author.
245 ## - TITLE STATEMENT
Title Wings of Fire :
Remainder of title Winter Turning /
Statement of responsibility, etc. Tui T. Sutherland.
260 ## - PUBLICATION, DISTRIBUTION, ETC.
Place of publication, distribution, etc. New York ;
Name of publisher, distributor, etc. Scholastic ,
Date of publication, distribution, etc. 2024.
300 ## - PHYSICAL DESCRIPTION
Extent 217 pages :
Other physical details color illustrations ; maps ;
Dimensions 23 cm.
490 ## - SERIES STATEMENT
Series statement Wings of Fire
Volume/sequential designation book 7
520 ## - SUMMARY, ETC.
Summary, etc. Winter has been a disappointment to his royal IceWing family his whole life. When his sister, Icicle, runs away from Jade Mountain Academy, fleeing terrible crimes and possibly planning to commit more, Winter knows that they both need a second chance to make things right -- if only he can find her.<br/><br/>Winter’s new clawmates, Moon, Qibli, and Kinkajou, won’t let him make this dangerous journey alone. They don’t seem to understand that IceWings, the most superior of all dragon tribes, can fix their own problems. When their search leads the dragonets straight into Queen Scarlet’s vicious talons, Winter is grateful to have some help. But even the bravest dragons can’t follow him to the Ice Kingdom, where he’ll have to face the greatest threat of all: his own family.
650 ## - SUBJECT ADDED ENTRY--TOPICAL TERM
Topical term or geographic name entry element Fantasy
Form subdivision Fiction
650 ## - SUBJECT ADDED ENTRY--TOPICAL TERM
Topical term or geographic name entry element Dragons
Form subdivision Fiction
700 ## - ADDED ENTRY--PERSONAL NAME
Personal name Deutsch, Barry,
Relator term adaptor.
700 ## - ADDED ENTRY--PERSONAL NAME
Personal name Swirsky, Rachel,
Relator term adaptor.
700 ## - ADDED ENTRY--PERSONAL NAME
Personal name Holmes, Mike,
Relator term artist.
700 ## - ADDED ENTRY--PERSONAL NAME
Personal name Laiho, Maarta,
Relator term colorist.
830 ## - SERIES ADDED ENTRY--UNIFORM TITLE
Uniform title Wings of Fire
942 ## - ADDED ENTRY ELEMENTS (KOHA)
Source of classification or shelving scheme
Koha item type Graphic Novel
Holdings
Withdrawn status Lost status Source of classification or shelving scheme Damaged status Not for loan Collection code Permanent Location Current Location Shelving location Date acquired Full call number Barcode Date last seen Price effective from Koha item type
          Fiction KH8 Senior School Library KH8 Senior School Library Graphic Novel 2026-01-27 FIC SUT 3KHSL000102594 2026-01-27 2026-01-27 Graphic Novel

Powered By KH8 IT Dept